000 00522cam a22002051 4500
001 af 48004816
003 DLC
005 20260227110910.0
008 780519s1947 xx 000 1 ger
010 _aaf 48004816
035 _a(OCoLC)3908710
040 _aDLC
_cNAlU
_dDLC
042 _apremarc
050 0 0 _aPT2647.A25
_bU5
082 _a831.91
100 1 _aWäscher, Aribert,
_d1895-
245 1 0 _aUnter den Sternen;
_bGedichte.
260 _a[Berlin-Schöneberg,
_bL. Blanvalet,
_c1947]
300 _a49 p.
_c22 cm.
999 _c6224
_d6224